000 00729nam a22001577a 4500
003 OSt
005 20151024095726.0
008 151024b xxu||||| |||| 00| 0 eng d
040 _cRUA
082 _aAVM SUO 2010 B090 Or.1
100 _92734
_aSUON, VISAL.
245 _athe study on buffaloraising of farmer at thmeicommune, cheathborei district, kratie province (ការសិក្សាពីការចិញ្ចឹមក្របីជាលក្ខណៈគ្រួសាររបស់កសិករនៅក្នុងឃុំថ្ចី ស្រុកចិត្របុរី ខេត្តក្រចេះ)
260 _aPhnom Penh
_bRUA
_c2010
300 _aviii, 44p.
_bill.
_c29cm.
942 _2ddc
_cAVM
999 _c2556
_d2556